00278nam a2200121Ia 45000030006000000080041000060400015000471000033000622450023000952600009001185460012001270050017001390STCL150530s9999 xx 000 0 und d aSTCLcSTCL aCharles Scriber, Jr.; Editor aEnduring Hemingway c1974 aEnglish20220125171343.0